00428nam a2200157 a 45000010005000000030009000050080041000140400028000550820016000831000031000992450045001302600031001753000010002064900029002166500025002451054CO-ViMGA141112s2004 ck r 000 u spa d aCO-ViMGAbspacCO-ViMGA04a530.11 S1521 aSánchez Ron, Jose Manuel10aEl origen y desarrollo de la relatividad aMadrid : bAlianza, c1983 a234 p aAlianza universidad, 36214aRELATIVIDAD - TEORIA